000 00316nam a22001337a 4500
008 181031b xxu||||| |||| 00| 0 eng d
020 _a9781405131674
041 _aeng
080 _a101
100 _a24
101 _afil
245 _aPilosphical Writing An Introduction
_cMartinich.A.P
942 _2udc
_cBK
999 _c51247
_d51247